Lucent's General Knowledge (Record no. 12001)

MARC details
000 -LEADER
fixed length control field 00421nam a22001817a 4500
003 - CONTROL NUMBER IDENTIFIER
control field OSt
008 - FIXED-LENGTH DATA ELEMENTS--GENERAL INFORMATION
fixed length control field 230509b |||||||| |||| 00| 0 eng d
020 ## - INTERNATIONAL STANDARD BOOK NUMBER
International Standard Book Number 9789384761547
082 ## - DEWEY DECIMAL CLASSIFICATION NUMBER
Classification number 001 BIG
100 ## - MAIN ENTRY--PERSONAL NAME
Personal name KARNA,BINAY
245 ## - TITLE STATEMENT
Title Lucent's General Knowledge
250 ## - EDITION STATEMENT
Edition statement 12th Ed
260 ## - PUBLICATION, DISTRIBUTION, ETC. (IMPRINT)
Place of publication, distribution, etc New Delhi
Name of publisher, distributor, etc Lucent
Date of publication, distribution, etc 2022
300 ## - PHYSICAL DESCRIPTION
Extent 458
650 ## - SUBJECT ADDED ENTRY--TOPICAL TERM
Topical term or geographic name as entry element Decentralization
700 ## - ADDED ENTRY--PERSONAL NAME
Personal name KUMAR,Sanjiv
942 ## - ADDED ENTRY ELEMENTS (KOHA)
Source of classification or shelving scheme Dewey Decimal Classification
Koha item type Reference Books
Holdings
Withdrawn status Lost status Source of classification or shelving scheme Damaged status Not for loan Collection code Home library Current library Date acquired Source of acquisition Currency Cost, normal purchase price Bill Number Total Checkouts Full call number Acc. no. / Barcode Date last seen Actual Cost, discounted price Bill Date Koha item type Public note
    Dewey Decimal Classification     GENERAL PIET C-LIBRARY PIET C-LIBRARY 06/04/2023 Shree Krishna Books and Stationers IN RUPEES 315.00 601   001 BIG 34915 09/05/2023 250.00 06/04/2023 Reference Books Decentralization

Design & Developed by: PIET Central Library
R70 Miles Stone Pattikalyana Samalkha Panipat 132102
mail ID :- [email protected], Phone No:- 0180-2569700 Ex.216